Die Religion in Geschichte und Gegenwart : Handwörterbuch für Theologie und Religionswissenschaft herausgegeben von Kurt Galling .../et al./ 2. Band D - G
Record details
- ISBN: 3-16-145098-1
- Physical Description: 1923 s. Mit 6 Tafelen und 7 Karten
- Edition: 3., völlig neu bearbeitete Auflage
- Publisher: Tübingen J. C. B. Mohr 1986
Content descriptions
| General Note: | c1958 |
Available copies
- 7 of 7 copies available at Common Catalog SPOK.
Holds
- 0 current holds with 7 total copies.
Show Only Available Copies
| Location | Call Number / Copy Notes | Barcode | Shelving Location | Status | Due Date |
|---|---|---|---|---|---|
| ETS Library | 200.3 | 424470003365 | U výpůjčního pultu | Available | - |
| ETS Library | 200.3 | 424470003366 | U výpůjčního pultu | Available | - |
| ETS Library | 200.3 | 424470003367 | U výpůjčního pultu | Available | - |
| ETS Library | 200.3 | 424470003368 | U výpůjčního pultu | Available | - |
| ETS Library | 200.3 | 424470003369 | U výpůjčního pultu | Available | - |
| ETS Library | 200.3 | 424470003370 | U výpůjčního pultu | Available | - |
| ETS Library | 200.3 | 424470008547 | U výpůjčního pultu | Available | - |
| LDR | 00927nam a2 00265 | ||
|---|---|---|---|
| 001 | 34495 | ||
| 003 | CZ-PrJAB | ||
| 005 | 20030606000000.0 | ||
| 008 | 001216s1986 xr e |||| |ger | ||
| 009 | ge | ||
| 020 | . | ‡a3-16-145098-1 | |
| 035 | . | ‡a(CONS)7845 | |
| 035 | . | ‡aKPS7812 | |
| 040 | . | ‡aABG450 | |
| 041 | . | ‡ager | |
| 082 | 1 | 4. | ‡a200.3 |
| 100 | . | ‡72200 ‡aGalling, Kurt | |
| 245 | . | ‡aDie Religion in Geschichte und Gegenwart : ‡bHandwörterbuch für Theologie und Religionswissenschaft ‡cherausgegeben von Kurt Galling .../et al./ ‡n2. Band ‡pD - G | |
| 250 | . | ‡a3., völlig neu bearbeitete Auflage | |
| 260 | . | ‡aTübingen ‡bJ. C. B. Mohr ‡c1986 | |
| 300 | . | ‡a1923 s. ‡bMit 6 Tafelen und 7 Karten | |
| 500 | . | ‡ac1958 | |
| 653 | . | ‡aDie Religion in Geschichte und Gegenwart Handwörterbuch für Theologie und Religionswissenschaft | |
| 852 | 4 | . | ‡bETS ‡bETS ‡cU výpůjčního pultu ‡j200.3 ‡gP ‡p424470003366 ‡xreference |
| 910 | . | ‡aABG450 | |
| 910 | . | ‡aABG450 | |
| 910 | . | ‡aABG450 | |
| 910 | . | ‡aABG450 | |
| 910 | . | ‡aABG450 | |
| 910 | . | ‡aABG450 | |
| 910 | . | ‡aABG450 | |
| 999 | . | ‡a7846 ‡bAUTOGEN ‡c7846 ‡tbiblio | |
| 999 | . | ‡a7850 ‡bAUTOGEN ‡c7850 ‡tbiblio | |
| 999 | . | ‡a7847 ‡bAUTOGEN ‡c7847 ‡tbiblio | |
| 999 | . | ‡a7848 ‡bAUTOGEN ‡c7848 ‡tbiblio | |
| 999 | . | ‡a7849 ‡bAUTOGEN ‡c7849 ‡tbiblio | |
| 999 | . | ‡a7844 ‡bAUTOGEN ‡c7844 ‡tbiblio | |
| 999 | . | ‡a7845 ‡bAUTOGEN ‡c7845 ‡tbiblio | |
| 905 | . | ‡uadmin | |
| 901 | . | ‡a34495 ‡b ‡c34495 ‡tbiblio ‡sets | |